01458cam a22003497a 4500003000500000005001700005008004100022010001000063011001000073035001000083040000900093090001000102100004400112245015000156260004100306300002200347502008200369590003700451590004100488590004100529590004100570590004200611650003500653901000700688905002300695942000900718949005500727949004200782999001700824952014000841952012700981CHAP20220329141856.0980325d1987 mx r 00110 spa d a75142 a76114 a85691 cCHAP aTesis00aFlores Garnica, José Germán.94155410aEnsayo de predicción del rendimiento de orégano (Lippia berlandieri Shawer), en la zona norte de Jaliscoc/por José Germán Flores Garnica aChapingo, Méx. :bEl autor,c1987. a98 h. :bgráfs. aTesis (Ing. Agr. Esp. en Bosques ) -- UACH. División de Ciencias Forestales aALEPHb10c20130110lUCH01h1423 aBATCH-UPDb10c20130110lUCH01h0750 aBATCH-UPDb10c20130410lUCH01h0430 aBATCH-UPDb10c20130914lUCH01h1853 aCONVERSIONb10c20130109lUCH01h134114aOréganoxRendimiento.983630 aBK aLilia Sánchez G. cFOLL bBCcTESd33724000591699eTS2fc.2h19362i85691sb bBCcTESd856911eTS1h19361i85691sb c75142d75142 00102local4053708TESISaBCbBCcPA_TESISd2019-12-31fTESISl0oTesisp33724000591699r2019-12-31 00:00:00tc.2w2019-12-31yTESIS 00102local4051708TESISaBCbBCcPA_TESISd2019-12-31fTESISl0oTesisp856911r2019-12-31 00:00:00w2019-12-31yTESIS